000 01031cam a2200301 i 4500
001 17912049
003 PILC
005 20150908084928.0
008 131021s2015 maua 001 0 eng
010 _a 2013040834
020 _a9780321919007
040 _aDLC
_beng
_cDLC
_erda
_dDLC
042 _apcc
050 0 0 _aQP 34.5
_b.M455 2013
082 0 0 _a612
100 1 _aMarieb, Elaine Nicpon,
_d1936-
245 1 0 _aEssentials of human anatomy & physiology /
_cElaine N. Marieb, R.N., Ph.D., Holyoke Community College.
246 3 _aEssentials of human anatomy and physiology
250 _a11th edition.
260 _aBoston :
_bPearson,
_c2013.
300 _axxiv, 632 pages :
_bcolor illustrations ;
_c29 cm
500 _aIncludes appendix, glossary and index.
650 0 _aHuman physiology.
650 0 _aHuman anatomy.
906 _a7
_bcbc
_corignew
_d1
_eecip
_f20
_gy-gencatlg
942 _2lcc
_cBK
999 _c288643
_d288643